000 01112cam a22003377a 4500
003 CHAP
005 20250523113050.0
008 980623d1996 mx a r 00110 spa d
010 _a75809
011 _a76781
020 _a9688843784
035 _a86370
040 _cCHAP
082 0 4 _a634.775
_bC3
100 0 0 _aCastillo Martínez, Roberta.
_920172
245 1 0 _aGuía técnica para el cultivo de pitahaya
_c/por Roberta Castillo Martínez, Héctor Cálix y Adolfo Rodriguéz Canto
260 _aChetumal, Q.R. :
_bUniversidad de Quintana Roo,
_c1996.
300 _a158 p. :
_bilus.
590 _aBATCH-UPD
_b10
_c20130110
_lUCH01
_h1343
590 _aBATCH-UPD
_b10
_c20130410
_lUCH01
_h0843
590 _aBATCH-UPD
_b10
_c20130914
_lUCH01
_h1627
590 _aCONVERSION
_b10
_c20130109
_lUCH01
_h1341
650 1 4 _aHylocereus undatus.
_957088
700 0 _aCalix de Dios, Héctor.
_917515
700 1 _aRodríguez Canto, Adolfo
_998359
710 0 2 _aUACH.
901 _aBK
905 _aAlejandra Carrasco M.
942 _cLIBRO
949 _a634.775 C3
_bBC
_cUACH
_d33724000801759
_eUACH
_h92461
_i86370
_si
999 _c75809
_d75809